Estudios eruditos in memoriam de Adolfo Bonilla y San Martín (Record no. 60991)

MARC details
000 -LEADER
campo de control de longitud fija 00875nam a2200217 i 4500
001 - NÚMERO DE CONTROL
campo de control 60991
003 - IDENTIFICADOR DE NÚMERO DE CONTROL
campo de control ES-MaACL
005 - FECHA Y HORA DE LA ÚLTIMA TRANSACCIÓN
campo de control 20231227160938.0
007 - CAMPO FIJO DE DESCRIPCIÓN FÍSICA--INFORMACIÓN GENERAL
campo de control de longitud fija t|
008 - DATOS DE LONGITUD FIJA--INFORMACIÓN GENERAL
campo de control de longitud fija 031110s1927 sp f |||| |dspa d
245 00 - MENCIÓN DEL TÍTULO
Título Estudios eruditos in memoriam de Adolfo Bonilla y San Martín
Resto del título : (1875-1926) /
Mención de responsabilidad, etc. con un prólogo de Jacinto Benavente.
260 ## - PUBLICACIÓN, DISTRIBUCIÓN, ETC.
Lugar de publicación, distribución, etc. Madrid :
Nombre del editor, distribuidor, etc. Facultad de Filosofía y Letras de la Universidad Central,
Fecha de publicación, distribución, etc. 1927 (
Fabricante Viuda e Hijos de Jaime Ratés)
300 ## - DESCRIPCIÓN FÍSICA
Extensión 1 v. (XIV, 654 p., 1 lám.) ;
Dimensiones 25 cm.
505 8# - NOTA DE CONTENIDO CON FORMATO
Nota de contenido con formato Contiene: V. 1
599 ## - NOTA A LAS ILUSTRACIONES
NOTA A LAS ILUSTRACIONES Retr. de Adolfo Bonilla y San Martín.
600 14 - PUNTO DE ACCESO ADICIONAL DE MATERIA--NOMBRE DE PERSONA
Nombre de persona Bonilla y San Martín, Adolfo,
Fechas asociadas al nombre 1875-1926
9 (RLIN) 30193
700 1# - ENTRADA AGREGADA--NOMBRE PERSONAL
Nombre de persona Benavente, Jacinto,
Fechas asociadas al nombre 1866-1954
9 (RLIN) 27443
710 2# - ENTRADA AGREGADA--NOMBRE DE ENTIDAD CORPORATIVA
Nombre de entidad corporativa o nombre de jurisdicción como elemento de entrada Universidad Central (Madrid).
Unidad subordinada Facultad de Filosofía y Letras.
9 (RLIN) 7092
852 ## - LOCALIZACIÓN
Ubicación ES-MaACL
Número de control de estantería B-13021
Holdings
Estatus retirado Estado de pérdida Estado de daño No para préstamo Biblioteca de origen Biblioteca actual Ubicación en estantería Fecha de adquisición Fuente de adquisición Total de préstamos Signatura topográfica completa Código de barras Visto por última vez Precio de reemplazo Tipo de ítem Koha
        Biblioteca del Ateneo de Madrid Biblioteca del Ateneo de Madrid Sala Pardo Bazán 17/01/2008     B-13021 1063959 23/02/2023 23/02/2023 Libro impreso